00418nam a2200121Ia 4500008004000000020001600040082001500056100005400071245007200125260004500197300001200242650004200254210210b1974 xxu||||| |||| 00| 0 eng d a19 560305 2 a421.5 CENE aCENTRAL INSTITUTE OF ENGLISH & FOREIGN LANGUAGES. aExercises in spoken english. Part 1. Accent, Rhythm and Intonation. aMadras.bOxford University Press.,c1974 aviii,30 aSpeaking Accent, Rhythm, Intonation